Detalles MARC
| 000 -CABECERA |
| campo de control de longitud fija |
02868nam a2200349 i 4500 |
| 003 - IDENTIFICADOR DEL NÚMERO DE CONTROL |
| campo de control |
DO-SdBNP |
| 005 - FECHA Y HORA DE LA ÚLTIMA TRANSACCIÓN |
| campo de control |
20250213073020.0 |
| 007 - CAMPO FIJO DE DESCRIPCIÓN FÍSICA--INFORMACIÓN GENERAL |
| campo de control de longitud fija |
ta |
| 008 - DATOS DE LONGITUD FIJA--INFORMACIÓN GENERAL |
| campo de control de longitud fija |
221124e2012 dr ||||gr|||| 001 j spa d |
| 020 ## - NÚMERO INTERNACIONAL ESTÁNDAR DEL LIBRO |
| Número Internacional Estándar del Libro |
9789945488067 |
| 040 ## - FUENTE DE LA CATALOGACIÓN |
| Centro catalogador/agencia de origen |
DO-SdBNP |
| Lengua de catalogación |
spa |
| Centro/agencia transcriptor |
BNPHU |
| Normas de descripción |
rda |
| 041 ## - CÓDIGO DE LENGUA |
| Código de lengua original |
spa |
| 082 #4 - NÚMERO DE LA CLASIFICACIÓN DECIMAL DEWEY |
| Número de clasificación |
xx |
| Número de documento/Ítem |
F465f |
| Número de edición |
22 |
| 245 ## - MENCIÓN DE TÍTULO |
| Título |
El fondo de iceberg. / |
| Mención de responsabilidad, etc. |
Ángeles de Fierro; Editor, Fernando Berroa, Vicente Arturo Pichardo y Valentín Amaro |
| 264 ## - PRODUCCIÓN, PUBLICACIÓN, DISTRIBUCIÓN, FABRICACIÓN Y COPYRIGHT |
| Producción, publicación, distribución, fabricación y copyright |
Santo Domingo : |
| Nombre del de productor, editor, distribuidor, fabricante |
Tinta de Taller, |
| Fecha de producción, publicación, distribución, fabricación o copyright |
2012 |
| 300 ## - DESCRIPCIÓN FÍSICA |
| Extensión |
184 páginas ; |
| Dimensiones |
23 cm. |
| 336 ## - TIPO DE CONTENIDO |
| Término de tipo de contenido |
rdacontent |
| Código de tipo de contenido |
texto |
| Fuente |
txt |
| 337 ## - TIPO DE MEDIO |
| Nombre/término del tipo de medio |
rdamedia |
| Código del tipo de medio |
sin mediación |
| Fuente |
n |
| 338 ## - TIPO DE SOPORTE |
| Nombre/término del tipo de soporte |
rdacarrier |
| Código del tipo de soporte |
volumen |
| Fuente |
nc |
| 500 ## - NOTA GENERAL |
| Nota general |
Taller Literario Narradores de Santo Domingo. |
| 505 ## - NOTA DE CONTENIDO CON FORMATO |
| Nota de contenido con formato |
Presntación. |
| Título |
Tito Suero Portorreal. / |
| Mención de responsabilidad |
La loca del basurero.-- |
| -- |
Lady Laura Liriano Baldy. / |
| Título |
Félix Cuarenta.-- |
| Mención de responsabilidad |
Fernando Berroa. / |
| Título |
El Atentado.-- |
| Mención de responsabilidad |
Deisy Toussaint. / |
| Título |
La Carta.-- |
| Mención de responsabilidad |
Gladys Almonte. / |
| Título |
En mi casa no se pierde nada.-- |
| Mención de responsabilidad |
Vicente Arturo Pichardo. / |
| Título |
El escape.-- |
| Mención de responsabilidad |
Raisa Pimentel. / |
| -- |
Confesión.-- |
| Título |
Héctor Santana. / |
| Mención de responsabilidad |
No habrá más sol el resto del día.-- |
| Título |
Fragmentos de Muralla.-- De navegar profundo. / |
| Mención de responsabilidad |
Nieves Lidia Emerito Rondón.-- |
| Título |
Ricardo Rafael Cabrera Núñez. / |
| Mención de responsabilidad |
Mester Policiales.-- |
| -- |
Adalberto Morillo Pichardo. / |
| Título |
La candidata.-- |
| Mención de responsabilidad |
Rodolfo Báez. / |
| Título |
El regreso.-- |
| Mención de responsabilidad |
Francis Santana. / |
| Título |
Una noche más en navidad.- Quinta composición.-- |
| Mención de responsabilidad |
Katia San Millán. / |
| Título |
La mecedorita de madera.-- |
| Mención de responsabilidad |
Iván Payano Tejada. / |
| Título |
La sangre es más espesa que el agua.-- |
| Mención de responsabilidad |
Valentín Amaro. / |
| Título |
El delivery.-- |
| Mención de responsabilidad |
Salvador Pérez Adón. / |
| Título |
Cara o cruz.-- |
| Mención de responsabilidad |
Carlos A. Mejía |
| Título |
Sábado por la noche que promete.-- |
| Mención de responsabilidad |
Emmanuel Peña. / |
| Título |
Costilla.-- |
| -- |
Inés M. García Pérez.-- |
| Mención de responsabilidad |
La llegada del silencio.-- |
| 505 ## - NOTA DE CONTENIDO CON FORMATO |
| Mención de responsabilidad |
Luz Marina Cortázar. / |
| Título |
Un lunes en la noche.-- |
| Mención de responsabilidad |
Niurca Violeidy Herrera Mejía. / |
| Título |
El primer novio consentido.-- |
| Mención de responsabilidad |
Yuniris Ramírez. / |
| Título |
Los ginecólogos.-- |
| Mención de responsabilidad |
Miguel Ángel Beltré Morillo. / |
| Título |
La vendetta.-- |
| Mención de responsabilidad |
Aracelis Mireles. / |
| Título |
Presagio.--- |
| Mención de responsabilidad |
Jesús Alcedo Sánchez Barrientos. / |
| Título |
La esposa violada.-- |
| Mención de responsabilidad |
Isabel Lora. / |
| Título |
La del segundo.-- |
| Mención de responsabilidad |
Flérida González Mota. / |
| Título |
Añoranzas en el tiempo.-- |
| Mención de responsabilidad |
Pierre Humeau. / |
| Título |
Un diálogo existencial.-- |
| Mención de responsabilidad |
Margarita Rosa Cid Mansur. / |
| Título |
Un día taggediando.-- |
| Mención de responsabilidad |
Alaiska Cuevas. / |
| Título |
Furia y la ronchera.-- |
| Mención de responsabilidad |
Mildred Alt. Rodríguez Ortiz.-- |
| Título |
¿Se hace o se nace?.-- |
| Mención de responsabilidad |
José Alberto Beltrán. / |
| Título |
El puente.-- |
| Mención de responsabilidad |
Lusmerlin Lantigua. / |
| Título |
La máscara de la muerte. |
| 590 ## - NOTA LOCAL (RLIN) |
| Nota local |
Inventariado 2022 / MF |
| 650 #4 - PUNTO DE ACCESO ADICIONAL DE MATERIA--TÉRMINO DE MATERIA |
| 9 (RLIN) |
78503 |
| Término de materia o nombre geográfico como elemento de entrada |
Literatura |
| Subdivisión geográfica |
República Dominicana |
| 650 #4 - PUNTO DE ACCESO ADICIONAL DE MATERIA--TÉRMINO DE MATERIA |
| 9 (RLIN) |
22864 |
| Término de materia o nombre geográfico como elemento de entrada |
Autores en Literatura |
| Subdivisión general |
Narrativa |
| Subdivisión geográfica |
República Dominicana |
| 650 #4 - PUNTO DE ACCESO ADICIONAL DE MATERIA--TÉRMINO DE MATERIA |
| 9 (RLIN) |
23011 |
| Término de materia o nombre geográfico como elemento de entrada |
Arte y Literatura |
| Subdivisión de forma |
Novela |
| Subdivisión general |
Narrativa |
| Subdivisión cronológica |
Siglo XXI |
| Subdivisión geográfica |
República Dominicana |
| 700 1# - PUNTO DE ACCESO ADICIONAL--NOMBRE DE PERSONA |
| 9 (RLIN) |
43136 |
| Nombre de persona |
Berroa, Fernando |
| 700 1# - PUNTO DE ACCESO ADICIONAL--NOMBRE DE PERSONA |
| 9 (RLIN) |
43132 |
| Nombre de persona |
Pichardo, Vicente Arturo |
| 700 1# - PUNTO DE ACCESO ADICIONAL--NOMBRE DE PERSONA |
| 9 (RLIN) |
12295 |
| Nombre de persona |
Amaro, Valentín |
| 910 ## - DATOS DE OPCIÓN DEL USUARIO (OCLC) |
| Datos de opción del usuario |
MFeliz |
| 942 ## - ELEMENTOS DE PUNTO DE ACCESO ADICIONAL (KOHA) |
| Fuente del sistema de clasificación o colocación |
Dewey Decimal Classification |
| Tipo de ítem Koha |
Libro |